<?xml version="1.0" encoding="UTF-8"?>
<record
    xmlns:xsi="http://www.w3.org/2001/XMLSchema-instance"
    xsi:schemaLocation="http://www.loc.gov/MARC21/slim http://www.loc.gov/standards/marcxml/schema/MARC21slim.xsd"
    xmlns="http://www.loc.gov/MARC21/slim">

  <leader>02111nam a22002537a 4500</leader>
  <controlfield tag="005">20230609150724.0</controlfield>
  <controlfield tag="008">230609b           ||||| |||| 00| 0 eng d</controlfield>
  <datafield tag="020" ind1=" " ind2=" ">
    <subfield code="a">9788131532065</subfield>
  </datafield>
  <datafield tag="040" ind1=" " ind2=" ">
    <subfield code="c">AL</subfield>
  </datafield>
  <datafield tag="041" ind1=" " ind2=" ">
    <subfield code="a">eng</subfield>
  </datafield>
  <datafield tag="082" ind1=" " ind2=" ">
    <subfield code="2">23</subfield>
    <subfield code="a">658.1</subfield>
    <subfield code="b">DAFU</subfield>
  </datafield>
  <datafield tag="100" ind1=" " ind2=" ">
    <subfield code="a">Richard L Daft</subfield>
    <subfield code="9">123418</subfield>
  </datafield>
  <datafield tag="245" ind1=" " ind2=" ">
    <subfield code="a">Understanding the theory and design of organizations</subfield>
  </datafield>
  <datafield tag="250" ind1=" " ind2=" ">
    <subfield code="a">11</subfield>
  </datafield>
  <datafield tag="260" ind1=" " ind2=" ">
    <subfield code="a">Andover</subfield>
    <subfield code="b">Cengage Learning</subfield>
    <subfield code="c">2019</subfield>
  </datafield>
  <datafield tag="300" ind1=" " ind2=" ">
    <subfield code="a">xviii,677p.</subfield>
    <subfield code="b">PB</subfield>
    <subfield code="c">25x20cm.</subfield>
  </datafield>
  <datafield tag="365" ind1=" " ind2=" ">
    <subfield code="2">Management</subfield>
  </datafield>
  <datafield tag="520" ind1=" " ind2=" ">
    <subfield code="a">Introduce your students to the most progressive thinking about organizations today as acclaimed author Richard Daft balances recent, innovative ideas with proven classic theories and effective business practices. Daft's best-selling 'Understanding the Theory and Design of Organizations' presents a captivating, compelling snapshot of contemporary organizations and the concepts driving their success that will immediately engage and inspire your students. Recognized as one of the most systematic, well-organized texts in the market, 'Understanding the Theory and Design of Organizations' helps both future and current managers thoroughly prepare for the challenges they are certain to face in today's business world. This revision showcases some of today's most current examples and research alongside time-tested principles. Students see, firsthand, how many of today's well-known organizations have learned to cope and even thrive amidst a rapidly changing, highly competitive international environment. Featured organizations include BP, Disney/Pixar, Volvo, Barnes and Noble and Cisco Systems. Organization studies, proven cases and illustrations provide the insights necessary to better understand modern organizations, while new and proven learning features give your students important opportunities to apply concepts and refine their personal business skills and insights.</subfield>
  </datafield>
  <datafield tag="650" ind1=" " ind2=" ">
    <subfield code="a">Organizational Strategy and Structure</subfield>
    <subfield code="9">123408</subfield>
  </datafield>
  <datafield tag="650" ind1=" " ind2=" ">
    <subfield code="a">External Factors and Design</subfield>
    <subfield code="9">123409</subfield>
  </datafield>
  <datafield tag="650" ind1=" " ind2=" ">
    <subfield code="a">Organizational Processes</subfield>
    <subfield code="9">123410</subfield>
  </datafield>
  <datafield tag="700" ind1=" " ind2=" ">
    <subfield code="a">DAFT (Richard L)</subfield>
    <subfield code="9">123411</subfield>
  </datafield>
  <datafield tag="942" ind1=" " ind2=" ">
    <subfield code="2">ddc</subfield>
    <subfield code="c">DB</subfield>
  </datafield>
  <datafield tag="999" ind1=" " ind2=" ">
    <subfield code="c">227475</subfield>
    <subfield code="d">227475</subfield>
  </datafield>
  <datafield tag="952" ind1=" " ind2=" ">
    <subfield code="0">0</subfield>
    <subfield code="1">0</subfield>
    <subfield code="2">ddc</subfield>
    <subfield code="4">0</subfield>
    <subfield code="7">0</subfield>
    <subfield code="8">MAN</subfield>
    <subfield code="a">AL</subfield>
    <subfield code="b">AL</subfield>
    <subfield code="d">2023-06-07</subfield>
    <subfield code="l">0</subfield>
    <subfield code="o">658.1 DAFU</subfield>
    <subfield code="p">D05719</subfield>
    <subfield code="r">2023-06-09 00:00:00</subfield>
    <subfield code="w">2023-06-09</subfield>
    <subfield code="y">DB</subfield>
    <subfield code="z">Donated by Tanisha Arouza Pai</subfield>
  </datafield>
</record>
